Obscure music genres - Statistics

General Stats
  • This quiz has been taken 9 times
  • The average score is 2 of 15
Answer Stats
Hint Answer % Correct
Often self-mocking raw Folk Anti-folk
56%
West balkan folk with pop elements Turbo-folk
33%
Chaotic bass-heavy Black metal strongly influenced by Death metal War metal
33%
Combines Noise & Industrial music with dark drones and atmospheres Death industrial
22%
Quiet sounds Lowercase
22%
South asian rock with a droning compositional quality Raga rock
22%
Futuristic sample-heavy Alt. Dance + a grungy guitar Grebo
11%
Cattle-hearding songs from northeastern Brazil Aboio
0%
Mainly funeral music of the Naxi people Baisha xiyue
0%
Combines elements of Dancehall with various traditions of Kenya Genge
0%
Liberian hip-hop influenced by local dance styles Hipco
0%
Explores the physical traits of sound Onkyo
0%
Chinese agricultural work songs Shan'ge
0%
synthesizer-based ambient music derived from Progressive Electronic Space ambient
0%
Polish avant-garde jazz, often arrhythmic and improvised Yass
0%
No matching quizzes found
Score Distribution
Percent of People with Each Score
Percentile by Number Answered
Your Score History
You have not taken this quiz